Statistiques concernant Top 50 de l'Année 1995

Cliquez ici pour prendre le quiz!

Statistiques générales

  • Ce quiz a été pris 16 fois
  • Le résultat moyen est 6 sur 50

Statistiques - réponses

ArtistesChanson% Correct
1The CranberriesZombie
100%
20Scatman JohnScatman (ski-ba-bop-ba-dop-bop)
53%
5Celine DionPour que tu m'aimes encore
40%
7The Connells'74-'75
33%
26Francis CabrelLa Corrida
33%
16Edwyn CollinsA girl like you
20%
2Ini KamozeHere comes the hot stepper
20%
17Celine DionJe sais pas
20%
14Bernard Lavilliers & Jimmy CliffMelody Tempo harmony
20%
10Alliance EthnikSimple & Funky
20%
22Sheryl CrowAll I wanna do
13%
35K.O.DChacun sa route
13%
45Urge OverkillGirl, you'll be a woman soon
13%
19The CranberriesOde to my family
13%
15Mike & the MechanicsOver my shoulder
13%
3Alliance EthnikRespect
13%
38Scatman JohnScatman's world
13%
39Michael Jackson & Janet JacksonScream
13%
2820 fingers ft GilletteShort dick man
13%
50NirvanaThe man who sold the world
13%
42Mylene FarmerXXL
13%
43Dés'réeYou gotta be
13%
29NirvanaAbout a girl
7%
12Bon JoviAlways
7%
23Take ThatBack for good
7%
34Elton JohnBelieve
7%
46The CranberriesI can't be with you
7%
48ZuccheroIl volo
7%
47MN8I've got a little something for you
7%
27Warren G & Nate DoggRegulate
7%
4Diana KingShy guy
7%
41TLCWaterfall
7%
21Michael JacksonYou are not alone
7%
24La BoucheBe my Lover
0%
44ShaggyBoombastic
0%
36Simply RedFairground
0%
37La BoucheFallin' in love
0%
13Mariah CareyFantasy
0%
30CooliaGangsta's Paradise
0%
8Bryan AdamsHave you ever really loved a woman ?
0%
25Alliance EthnikHonesty & Jalousie
0%
18SealKiss from a rose
0%
31Annie LennoxNo more I love you's
0%
9NightcrawlersPush the feeling on
0%
49Simple MindsShe's a river
0%
40East 17Stay another day
0%
32N-Trance ft Ricardo da ForceStayin' alive
0%
33Boyz II MenThank you
0%
11The BucketheadsThe bomb! (these sounds fall into my mind)
0%
6Janet JacksonWhoops now
0%

Distribution des résultats

Percentile par nombre de réponses

% des personnes avec chaque résultat

Votre développement - résultats

Vous n’avez pas pris ce quiz